00632nam a22001697a 4500003000400000005001700004008004100021040001800062050001500080100006200095245007800157300001800235500014600253650003200399942001400431999001700445OSt20260601171015.0260507b1956\\\\bl\|||||\||||\00|\0\por\d aICIbspacICI aTS171bG64 aGoncalves, Luiz Carlos de Camargo,d1956-, eautor933912 1aDesenho industrial brasileiro? /cCritica ao espaco ea forma de atuacao / a113 páginas a"trabalho de graduacao dos cursos de desenho industrial e comunicacao visual da universidde federal de panama, a presentado em julho de 1980" aDiseño industrialzBrasil 2lcccBn1 c20682d20682